000 00795nab a2200241 u 4500
001 08637
003 HDC
007 cr bn ---aaaaa
008 210130c2012 my dr|nes 0 a may d
040 _aHDC
245 0 _aFama Optimis Jualan Pasar Tani RM1.5b
260 _aKuala Lumpur :
_bThe New Straits Times Press (M) Bhd.,
_c2012
336 _atext
_2rdacontent
337 _acomputer
_2rdamedia
338 _aonline resource
_2rdacarrier
650 _aAgricultural sector
_zMalaysia
_99118
650 _aeconomic growth
_94226
650 _aFAMA
_99119
856 _zRequest full-text at [email protected]
942 _2lcc
942 _cNEWS
942 _kNWSC 002390
999 _c5960
_d5960